00391nam a22001457a 4500003000400000008004100004020001800045082001700063100001600080245005700096250002200153260004700175300001100222650001200233OSt250409b |||||||| |||| 00| 0 eng d a9789390122578 a801.0954 DEI aDEVY, G. N. aIndian Literary Criticism: Theory and Interpretation a 3rd. Reprint ed. aTelangana, India,bOrient BlackSwan,c2024 a365 p. aEnglish